[Event "Quebec op Open"]
[Site "Montreal CAN"]
[Date "2010.07.28"]
[Round "6"]
[White "Ah-Lan, Kenny"]
[Black "Luksza, Arkadiusz"]
[Result "0-1"]
[WhiteElo "2094"]
[BlackElo "2195"]
[PlyCount "60"]
[EventDate "2010.07.24"]
[EventType "swiss"]
[EventRounds "9"]
[EventCountry "CAN"]

1. d4 e6 2. c4 d5 3. Nf3 c6 4. Nc3 dxc4 5. a4 Bb4 6. e3 b5 7. Bd2 a5 8. axb5
Bxc3 9. Bxc3 cxb5 10. b3 Bb7 11. bxc4 b4 12. Bb2 Nf6 13. Bd3 O-O 14. O-O Nbd7
15. Nd2 Qc7 16. f4 Rfd8 17. Qc2 a4 18. e4 a3 19. Bc1 Nc5 20. Nb3 Nxd3 21. Qxd3
Nxe4 22. Be3 f5 23. Nd2 Nc3 24. Nf3 Be4 25. Qd2 Qxc4 26. Ne5 Qb5 27. Rfe1 Rdc8
28. Qf2 b3 29. Qh4 b2 30. Qe7 Qe8 0-1

[Event "Quebec op Open"]
[Site "Montreal CAN"]
[Date "2010.07.28"]
[Round "6"]
[White "Auger, Bertrand"]
[Black "Malette, Martin"]
[Result "1/2-1/2"]
[WhiteElo "1950"]
[BlackElo "1981"]
[PlyCount "129"]
[EventDate "2010.07.24"]
[EventType "swiss"]
[EventRounds "9"]
[EventCountry "CAN"]

1. Nf3 Nf6 2. g3 g6 3. b4 Bg7 4. Bb2 O-O 5. Bg2 d6 6. c4 e5 7. d3 Na6 8. a3 c6
9. O-O Be6 10. Ng5 Bd7 11. Nd2 h6 12. Nge4 Be6 13. b5 cxb5 14. cxb5 Nc7 15.
Nxf6+ Bxf6 16. a4 Bd5 17. e4 Be6 18. Ba3 Be7 19. Nc4 f6 20. Ne3 Qd7 21. f4 Bf7
22. f5 g5 23. Bf3 d5 24. Bxe7 Qxe7 25. exd5 Qc5 26. d4 Qxd4 27. Qxd4 exd4 28.
d6 Nxb5 29. Nd5 Nxd6 30. Nxf6+ Kh8 31. Nd7 Rfd8 32. Ne5 Bb3 33. f6 Rab8 34. Rf2
Nf7 35. Ng6+ Kg8 36. Rb2 Bc4 37. Rc1 b5 38. Ne7+ Kf8 39. Nc6 a6 40. Nxb8 Ne5
41. Nc6 Nxf3+ 42. Kf2 Rd6 43. Kxf3 Rxc6 44. Ke4 Rd6 45. Ke5 Rd5+ 46. Ke6 Rd8+
47. Ke5 Kf7 48. axb5 axb5 49. Ra1 Rd5+ 50. Ke4 Kxf6 51. Ra6+ Kg7 52. Ra7+ Kg6
53. Ra6+ Kg7 54. Ra7+ Kf6 55. Rf2+ Kg6 56. Ra6+ Kg7 57. Rff6 d3 58. Rg6+ Kf7
59. Rgf6+ Ke7 60. Rfe6+ Kd7 61. Rxh6 Kc7 62. Rh7+ Kb8 63. Rb6+ Ka8 64. Ra6+ Kb8
65. Rb6+ 1/2-1/2

[Event "Quebec op Open"]
[Site "Montreal CAN"]
[Date "2010.07.28"]
[Round "6"]
[White "Beaulieu, Pierre"]
[Black "Lemieux, Serge"]
[Result "0-1"]
[WhiteElo "1985"]
[BlackElo "1455"]
[PlyCount "72"]
[EventDate "2010.07.24"]
[EventType "swiss"]
[EventRounds "9"]
[EventCountry "CAN"]

1. e4 e6 2. Nc3 d5 3. d4 Nf6 4. Bg5 Be7 5. Bxf6 Bxf6 6. Nf3 b6 7. Bb5+ c6 8.
Bd3 Ba6 9. h4 Bxd3 10. Qxd3 Nd7 11. O-O-O a6 12. Rh3 b5 13. Kb1 Nb6 14. Rg3 g6
15. e5 Be7 16. Rh1 h5 17. Ne2 Nc4 18. Ng5 Bxg5 19. Rxg5 Kd7 20. b3 Rb8 21. Ka1
Qa5 22. bxc4 bxc4 23. Qc3 Rb4 24. Rg3 Rhb8 25. a3 Qa4 26. Qf3 Ke8 27. Rc1 Rb3
28. cxb3 Qxa3+ 29. Kb1 Rxb3+ 30. Qxb3 cxb3 31. Nc3 a5 32. Rd3 a4 33. Rd2 Qb4
34. Re2 a3 35. g3 Qxd4 36. Re3 Qd2 0-1

[Event "Quebec op Open"]
[Site "Montreal CAN"]
[Date "2010.07.28"]
[Round "6"]
[White "Berube, Antoine"]
[Black "Libersan, Thierry"]
[Result "1-0"]
[WhiteElo "2093"]
[BlackElo "2118"]
[PlyCount "93"]
[EventDate "2010.07.24"]
[EventType "swiss"]
[EventRounds "9"]
[EventCountry "CAN"]

1. d4 Nf6 2. c4 g6 3. Nc3 Bg7 4. e4 d6 5. f3 O-O 6. Be3 Nc6 7. Nge2 a6 8. Qd2
Rb8 9. Rb1 e5 10. d5 Ne7 11. b4 c6 12. Nc1 cxd5 13. cxd5 Nd7 14. Bd3 b6 15. O-O
f5 16. exf5 gxf5 17. f4 Nf6 18. fxe5 Ng4 19. exd6 Nxe3 20. dxe7 Qxe7 21. Re1
Qg5 22. Nd1 f4 23. Be4 Bb7 24. Nxe3 fxe3 25. Rxe3 Rbe8 26. Nb3 Kh8 27. Rbe1 Rd8
28. Rh3 Qxd2 29. Nxd2 Bxd5 30. Bxh7 Bd4+ 31. Kh1 Bxg2+ 32. Kxg2 Rf2+ 33. Kg3
Rxd2 34. Re7 Bb2 35. Rh5 R2d6 36. h4 Bc3 37. a3 Bb2 38. a4 Bc3 39. b5 axb5 40.
axb5 Bb2 41. Rb7 Bc3 42. Bb1+ Kg8 43. Ba2+ Kf8 44. Rf7+ Ke8 45. Rg5 Be1+ 46.
Kg4 Rd4+ 47. Kf5 1-0

[Event "Quebec op Open"]
[Site "Montreal CAN"]
[Date "2010.07.28"]
[Round "6"]
[White "Carrier, Claude"]
[Black "Pepin, Christian"]
[Result "1/2-1/2"]
[WhiteElo "1939"]
[BlackElo "1964"]
[PlyCount "61"]
[EventDate "2010.07.24"]
[EventType "swiss"]
[EventRounds "9"]
[EventCountry "CAN"]

1. e4 c6 2. d4 d5 3. Nd2 dxe4 4. Nxe4 Nd7 5. Bd3 Ngf6 6. Ng5 e6 7. Qe2 Bd6 8.
N1f3 h6 9. Ne4 Nxe4 10. Qxe4 Nf6 11. Qh4 Qa5+ 12. Bd2 Qh5 13. Qxh5 Nxh5 14. Ne5
Nf6 15. O-O-O Bxe5 16. dxe5 Ng4 17. Rde1 Nxf2 18. Rhf1 Nxd3+ 19. cxd3 O-O 20.
Rf3 c5 21. Ref1 Bd7 22. g4 Bc6 23. Rg3 Kh7 24. h4 g6 25. b4 b6 26. bxc5 bxc5
27. Be3 Rac8 28. Kd2 Bb5 29. Rc1 Rfd8 30. Bxc5 Rd7 31. d4 1/2-1/2

[Event "Quebec op Open"]
[Site "Montreal CAN"]
[Date "2010.07.28"]
[Round "6"]
[White "Dumont, Felix"]
[Black "Deschamps, Richard"]
[Result "1-0"]
[WhiteElo "2070"]
[BlackElo "2008"]
[PlyCount "71"]
[EventDate "2010.07.24"]
[EventType "swiss"]
[EventRounds "9"]
[EventCountry "CAN"]

1. e4 d6 2. d4 Nf6 3. Nc3 Nbd7 4. Nf3 e5 5. dxe5 dxe5 6. Bc4 Bb4 7. O-O O-O 8.
Nd5 Nxd5 9. Qxd5 c6 10. Qd3 b5 11. Bxf7+ Rxf7 12. Nxe5 Qf8 13. Nxf7 Qxf7 14. a4
bxa4 15. Rxa4 Nc5 16. Qd8+ Qf8 17. Qxf8+ Kxf8 18. Rxb4 a5 19. Rc4 Na6 20. Rxc6
Bb7 21. Rc4 Rd8 22. f3 Nb4 23. Re1 Ba6 24. Rc5 Rd6 25. e5 Re6 26. Bd2 Nc6 27.
Bxa5 g5 28. c3 g4 29. f4 Ne7 30. b4 Nf5 31. b5 Bb7 32. Rc7 Bd5 33. c4 Bxg2 34.
Kxg2 Rh6 35. e6 Rh3 36. e7+ 1-0

[Event "Quebec op Open"]
[Site "Montreal CAN"]
[Date "2010.07.28"]
[Round "6"]
[White "Enkh-Amar, Galbadrakh"]
[Black "Cvetkovic, Simeon"]
[Result "1-0"]
[WhiteElo "2146"]
[BlackElo "1901"]
[PlyCount "53"]
[EventDate "2010.07.24"]
[EventType "swiss"]
[EventRounds "9"]
[EventCountry "CAN"]

1. Nf3 Nf6 2. c4 c6 3. g3 d5 4. Bg2 Bf5 5. O-O e6 6. Qb3 Qb6 7. d3 Nbd7 8. Be3
Qc7 9. Nc3 Be7 10. Rac1 dxc4 11. Qxc4 Nb6 12. Qb3 Qd8 13. a4 O-O 14. a5 Nbd5
15. Qxb7 Rb8 16. Qxa7 Ra8 17. Qb7 Qxa5 18. Nxd5 Nxd5 19. Bd2 Qb6 20. Qxb6 Nxb6
21. Rxc6 Bd8 22. Nd4 Ra2 23. Nxf5 exf5 24. Bb4 Re8 25. Rc2 Bf6 26. Ba3 Na4 27.
Bd5 1-0

[Event "Quebec op Open"]
[Site "Montreal CAN"]
[Date "2010.07.28"]
[Round "6"]
[White "Frappier, Clement"]
[Black "Sasseville, Jean"]
[Result "0-1"]
[WhiteElo "1972"]
[BlackElo "1938"]
[PlyCount "82"]
[EventDate "2010.07.24"]
[EventType "swiss"]
[EventRounds "9"]
[EventCountry "CAN"]

1. d4 f5 2. c4 Nf6 3. Nc3 d6 4. f3 g6 5. e3 Bg7 6. Bd3 O-O 7. Nge2 e5 8. O-O
Nc6 9. d5 Ne7 10. g3 g5 11. f4 gxf4 12. gxf4 e4 13. Bc2 c5 14. dxc6 bxc6 15.
Bd2 Qe8 16. Ng3 Be6 17. Bb3 Qf7 18. Qe2 Ng6 19. Rad1 Rad8 20. Be1 Nh4 21. Ngxe4
fxe4 22. Bxh4 Bg4 23. Qc2 Bxd1 24. Rxd1 Rfe8 25. Bxf6 Qxf6 26. Kh1 Qf5 27. Rg1
Kh8 28. Rg5 Qh3 29. Qf2 Bxc3 30. bxc3 Qf3+ 31. Kg1 Qxf2+ 32. Kxf2 Rg8 33. Ra5
Rg7 34. Rg5 Rxg5 35. fxg5 Kg7 36. Kg3 Rf8 37. Bd1 Rf1 38. Bg4 Ra1 39. Kf4 Rxa2
40. h4 Rh2 41. h5 Rh4 0-1

[Event "Quebec op Open"]
[Site "Montreal CAN"]
[Date "2010.07.28"]
[Round "6"]
[White "Gagnon, Serge"]
[Black "Nicula, Marius"]
[Result "1/2-1/2"]
[WhiteElo "2072"]
[BlackElo "2183"]
[PlyCount "81"]
[EventDate "2010.07.24"]
[EventType "swiss"]
[EventRounds "9"]
[EventCountry "CAN"]

1. d4 e6 2. Nf3 f5 3. g3 Nf6 4. Bg2 c6 5. c4 d5 6. cxd5 exd5 7. O-O Bd6 8. Ne5
O-O 9. Nc3 Qe7 10. Nd3 Be6 11. Bf4 Nbd7 12. Bxd6 Qxd6 13. Qd2 Ne4 14. Qf4 Qe7
15. Rac1 Bf7 16. Qc7 Rab8 17. Nxe4 dxe4 18. Nc5 Be6 19. Nxb7 Rfc8 20. Qd6 Qf7
21. Nc5 Nxc5 22. Rxc5 Rxb2 23. Re5 Bxa2 24. Re7 Qf8 25. Ra1 Rd8 26. Qa3 Rb1+
27. Rxb1 Bxb1 28. Qb3+ Kh8 29. Rf7 Qg8 30. Qb7 Rxd4 31. Qxa7 Rd1+ 32. Bf1 e3
33. f3 h6 34. Rb7 Kh7 35. Qxe3 Qd5 36. Qc3 Qg8 37. g4 Qf8 38. h4 c5 39. Kf2 c4
40. Qxc4 Qd6 41. Bg2 1/2-1/2

[Event "Quebec op Open"]
[Site "Montreal CAN"]
[Date "2010.07.28"]
[Round "6"]
[White "Hajiyev, Elshad"]
[Black "Robichaud, Louis"]
[Result "1-0"]
[WhiteElo "2121"]
[BlackElo "2025"]
[PlyCount "51"]
[EventDate "2010.07.24"]
[EventType "swiss"]
[EventRounds "9"]
[EventCountry "CAN"]

1. d4 Nf6 2. Bg5 Ne4 3. Bf4 d5 4. e3 Bf5 5. f3 Nf6 6. c4 e6 7. Nc3 c6 8. g4 Bg6
9. h4 h6 10. Qb3 Qb6 11. c5 Qxb3 12. axb3 Nbd7 13. b4 Be7 14. Nh3 O-O 15. Nf2
Ne8 16. Nd3 f6 17. b5 e5 18. Bg3 Bxd3 19. Bxd3 Nc7 20. O-O Ne6 21. Bf5 Kf7 22.
bxc6 bxc6 23. Ra6 exd4 24. Bxe6+ Kxe6 25. Rxc6+ Kf7 26. exd4 1-0

[Event "Quebec op Open"]
[Site "Montreal CAN"]
[Date "2010.07.28"]
[Round "6"]
[White "Khassanov, Marat"]
[Black "Larochelle, Martial"]
[Result "1/2-1/2"]
[WhiteElo "2303"]
[BlackElo "2208"]
[PlyCount "121"]
[EventDate "2010.07.24"]
[EventType "swiss"]
[EventRounds "9"]
[EventCountry "CAN"]

1. e4 c5 2. Nf3 d6 3. d4 cxd4 4. Nxd4 Nf6 5. Nc3 a6 6. g3 Bd7 7. Bg2 Nc6 8. O-O
e6 9. Nde2 Be7 10. b3 O-O 11. Bb2 Rc8 12. h3 b5 13. Nf4 Ne5 14. Nd3 Bc6 15. f4
Qb6+ 16. Kh2 Nc4 17. bxc4 bxc4 18. Rb1 cxd3 19. cxd3 Qa5 20. Qe2 Rfe8 21. Ba1
d5 22. Qb2 dxe4 23. Nxe4 Bd5 24. f5 Qxa2 25. fxe6 fxe6 26. Qe5 Rf8 27. Rb2 Qa3
28. Rbf2 Ne8 29. Qh5 Rxf2 30. Rxf2 h6 31. Bb2 Qb4 32. Qe5 Bd6 33. Nxd6 Qxd6 34.
Bxd5 Qxd5 35. Qxd5 exd5 36. Be5 Rc5 37. Ra2 a5 38. Ra3 Kf7 39. Bc3 a4 40. Bb4
Rc2+ 41. Kh1 Ke6 42. Rxa4 Ke5 43. Bc5 Rd2 44. Bd4+ Kf5 45. Ra5 Rxd3 46. Rxd5+
Ke4 47. Re5+ Kf3 48. Rxe8 Rxd4 49. Ra8 Rd1+ 50. Kh2 Rd2+ 51. Kh1 Kxg3 52. Ra3+
Kh4 53. Kg1 g5 54. Rb3 h5 55. Ra3 g4 56. hxg4 hxg4 57. Rb3 g3 58. Rb8 Rd1+ 59.
Kg2 Rd2+ 60. Kg1 Kh3 61. Rh8+ 1/2-1/2

[Event "Quebec op Open"]
[Site "Montreal CAN"]
[Date "2010.07.28"]
[Round "6"]
[White "Le Duin, Thierry"]
[Black "Zhu, Hong Rui"]
[Result "0-1"]
[WhiteElo "2002"]
[BlackElo "1885"]
[PlyCount "64"]
[EventDate "2010.07.24"]
[EventType "swiss"]
[EventRounds "9"]
[EventCountry "CAN"]

1. d4 d5 2. Nf3 Nf6 3. c3 Bf5 4. Nh4 Bg6 5. Nxg6 hxg6 6. Nd2 e6 7. Nf3 c5 8.
Bg5 Nc6 9. e3 Be7 10. Bd3 Qc7 11. Qa4 c4 12. Bc2 a6 13. Bb1 b5 14. Qc2 a5 15.
b3 Bd6 16. a4 b4 17. bxc4 dxc4 18. Qe2 Ne7 19. e4 Bf4 20. Bxf4 Qxf4 21. Bc2 b3
22. g3 Qc7 23. Bb1 Rc8 24. Ne5 Nd7 25. Ng4 Nf6 26. Ne3 Qc6 27. f3 Rc7 28. Kf2
O-O 29. Nd1 Nc8 30. Nb2 Nb6 31. g4 Re8 32. Qd2 Rd7 0-1

[Event "Quebec op Open"]
[Site "Montreal CAN"]
[Date "2010.07.28"]
[Round "6"]
[White "MacKinnon, Keith"]
[Black "Voskanyan, Vahagn"]
[Result "1-0"]
[WhiteElo "2280"]
[BlackElo "2202"]
[PlyCount "103"]
[EventDate "2010.07.24"]
[EventType "swiss"]
[EventRounds "9"]
[EventCountry "CAN"]

1. e4 d5 2. exd5 Nf6 3. d4 Nxd5 4. Nf3 Bg4 5. Be2 e6 6. c4 Nb6 7. Nc3 Nc6 8.
Be3 Be7 9. b3 Bb4 10. Qd2 Qe7 11. O-O O-O 12. a3 Bxc3 13. Qxc3 h6 14. Rfe1 Rfd8
15. h3 Bh5 16. Ne5 Bxe2 17. Nxc6 bxc6 18. Rxe2 Qf6 19. Qa5 Rd7 20. Rae1 Nc8 21.
Qa6 Ne7 22. Qb7 Rad8 23. Qxa7 Nf5 24. Qc5 Rxd4 25. Bxd4 Nxd4 26. Re4 Nxb3 27.
Qxc6 Rd2 28. R4e2 Qb2 29. Rxd2 Qxd2 30. Qa8+ Kh7 31. Qe4+ Kg8 32. Rb1 Kf8 33.
Qa8+ Ke7 34. Qb7 Nd4 35. Qb4+ Qxb4 36. axb4 Kd7 37. Kf1 Kc6 38. Ke1 e5 39. Kd2
f5 40. Re1 Kd6 41. Kc3 Nc6 42. Rd1+ Ke6 43. b5 Ne7 44. Rd8 e4 45. Kd4 Ng6 46.
Rg8 Kf6 47. Rc8 Nf4 48. c5 Ne6+ 49. Kd5 f4 50. Re8 c6+ 51. Kd6 Nd4 52. b6 1-0

[Event "Quebec op Open"]
[Site "Montreal CAN"]
[Date "2010.07.28"]
[Round "6"]
[White "Oussedik, Elias"]
[Black "Abran, David"]
[Result "1-0"]
[WhiteElo "2154"]
[BlackElo "1798"]
[PlyCount "52"]
[EventDate "2010.07.24"]
[EventType "swiss"]
[EventRounds "9"]
[EventCountry "CAN"]

1. d4 Nf6 2. Nc3 d5 3. Bg5 e6 4. e4 dxe4 5. Nxe4 Be7 6. Bxf6 Bxf6 7. Nf3 O-O 8.
Qd2 b6 9. O-O-O Bb7 10. Neg5 Nc6 11. h4 h5 12. Bd3 Qd6 13. Nh7 Bxd4 14. Nxf8
Kxf8 15. Qg5 Bf6 16. Qd2 Rd8 17. Ng5 Be5 18. Kb1 Nb4 19. Qe2 Qc5 20. Qxh5 g6
21. Bxg6 Rxd1+ 22. Rxd1 Qc4 23. Nh7+ Kg7 24. Qxe5+ Kxg6 25. Qf6+ Kxh7 26. Qxf7+
Kh6 1-0

[Event "Quebec op Open"]
[Site "Montreal CAN"]
[Date "2010.07.28"]
[Round "6"]
[White "Poulin, Mathieu"]
[Black "Ramaswamy, Kishor"]
[Result "0-1"]
[WhiteElo "2078"]
[BlackElo "2178"]
[PlyCount "170"]
[EventDate "2010.07.24"]
[EventType "swiss"]
[EventRounds "9"]
[EventCountry "CAN"]

1. d4 d5 2. c4 c6 3. Nf3 Nf6 4. e3 a6 5. Bd3 b5 6. b3 Bg4 7. Nbd2 e6 8. Qc2
Nbd7 9. h3 Bh5 10. Bb2 Bg6 11. O-O Bd6 12. e4 dxe4 13. Nxe4 Nxe4 14. Bxe4 O-O
15. Bxg6 hxg6 16. Ne5 Nxe5 17. dxe5 Be7 18. Rfd1 Qc7 19. Rac1 Bg5 20. Rb1 Rfd8
21. Qc3 Rxd1+ 22. Rxd1 Rd8 23. Rd6 bxc4 24. bxc4 Be7 25. Qd4 Qb8 26. Rxd8+ Bxd8
27. Ba3 Bb6 28. Qb2 Qa7 29. Bd6 Bd4 30. Qc2 Qb6 31. Qd2 Qb1+ 32. Kh2 Qe4 33. f3
Bxe5+ 34. Bxe5 Qxe5+ 35. Kh1 Qa1+ 36. Kh2 Qe5+ 37. Kh1 Qc7 38. c5 Kf8 39. Qb2
g5 40. Qb6 Qc8 41. Qb1 Ke7 42. Qd3 Kf6 43. a4 Qb7 44. Kh2 Qb4 45. Qxa6 Qxc5 46.
a5 Qe5+ 47. Kh1 c5 48. Qb5 c4 49. Qxc4 Qxa5 50. Qd4+ Qe5 51. Qd8+ Kg6 52. Qd3+
f5 53. Qc4 Qd5 54. Qa4 Qd6 55. Kg1 Kf6 56. Kh1 Qd5 57. Qe8 Qd1+ 58. Kh2 Qd6+
59. Kh1 g4 60. hxg4 fxg4 61. fxg4 Qd1+ 62. Kh2 Qxg4 63. Qf8+ Ke5 64. Qc5+ Ke4
65. Qb4+ Kf5 66. Qf8+ Kg6 67. g3 Qh5+ 68. Kg2 Qf5 69. Qe8+ Qf7 70. Qb5 Qf6 71.
g4 e5 72. Qe8+ Kg5 73. Qd7 Kf4 74. Kh3 e4 75. Qc7+ Kf3 76. Qg3+ Ke2 77. Qc7
Qf3+ 78. Kh4 Qh1+ 79. Kg3 Qg1+ 80. Kh4 Qf2+ 81. Kh3 Qf3+ 82. Kh4 e3 83. Qxg7
Kf2 84. Qe5 e2 85. Qh2+ Kf1 0-1

[Event "Quebec op Open"]
[Site "Montreal CAN"]
[Date "2010.07.28"]
[Round "6"]
[White "Poulin, Maurice"]
[Black "Laurain, Guy"]
[Result "1/2-1/2"]
[WhiteElo "2028"]
[BlackElo "2148"]
[PlyCount "133"]
[EventDate "2010.07.24"]
[EventType "swiss"]
[EventRounds "9"]
[EventCountry "CAN"]

1. e4 c5 2. Nf3 Nc6 3. Bb5 g6 4. O-O Bg7 5. c3 a6 6. Bxc6 dxc6 7. d4 cxd4 8.
cxd4 Nf6 9. Nc3 O-O 10. h3 b5 11. Re1 Bb7 12. Bf4 a5 13. Qd2 Re8 14. Be5 Qb6
15. Rac1 Rad8 16. Bxf6 exf6 17. Qf4 Rd7 18. e5 f5 19. g4 fxg4 20. hxg4 c5 21.
dxc5 Qxc5 22. Ne4 Qb4 23. a3 Qf8 24. Nc5 Rde7 25. Nxb7 Rxb7 26. Kg2 b4 27. Rh1
bxa3 28. bxa3 h6 29. Qa4 Ra8 30. Rc6 Qe8 31. Qe4 Re7 32. Re1 Rc8 33. Ra6 Qb5
34. Ra8 Rxa8 35. Qxa8+ Re8 36. Qe4 Qc5 37. Qa4 Re6 38. Rb1 Bf8 39. Rb3 Ra6 40.
Re3 Qc6 41. Qf4 Qd5 42. Re2 Qb3 43. Rd2 Qb7 44. Rd8 Qe7 45. Rb8 Kh7 46. a4 Bg7
47. Qc4 Qe6 48. Qxe6 Rxe6 49. Rb5 Ra6 50. Nd4 Bf8 51. f4 Bb4 52. f5 Bc3 53. Nf3
gxf5 54. gxf5 Ra7 55. Kg3 Rc7 56. f6 Kg6 57. Rb8 Kf5 58. Re8 Rc4 59. Re7 Rxa4
60. Rxf7 Bxe5+ 61. Nxe5 Kxe5 62. Rf8 Ke6 63. f7 Ke7 64. Rh8 Kxf7 65. Rxh6 Ke7
66. Kf3 Ra1 67. Ke3 1/2-1/2

[Event "Quebec op Open"]
[Site "Montreal CAN"]
[Date "2010.07.28"]
[Round "6"]
[White "Robidas, Francois"]
[Black "Plante, Michel"]
[Result "0-1"]
[WhiteElo "2002"]
[BlackElo "2108"]
[PlyCount "88"]
[EventDate "2010.07.24"]
[EventType "swiss"]
[EventRounds "9"]
[EventCountry "CAN"]

1. e4 d6 2. c4 e5 3. Nc3 Nc6 4. Nge2 g6 5. d4 Bg7 6. Be3 Nge7 7. d5 Nb8 8. Qd2
O-O 9. f3 f5 10. O-O-O Nd7 11. Kb1 b6 12. b4 a5 13. b5 Nc5 14. Nc1 Bd7 15. Nd3
Kh8 16. Be2 Ng8 17. g4 fxg4 18. fxg4 Nf6 19. Nxc5 bxc5 20. Rdg1 Qe7 21. Bg5 Qe8
22. Rg2 Ng8 23. h4 Bf6 24. Be3 Rf7 25. g5 Bd8 26. h5 Ne7 27. Rgh2 Qg8 28. hxg6
Nxg6 29. Rh6 Rg7 30. Bh5 Nf4 31. Bxf4 exf4 32. g6 Bg5 33. gxh7 Qf8 34. Rg6 Rxg6
35. Bxg6 Qf6 36. Bf5 Bxf5 37. exf5 Re8 38. Qc2 Qe5 39. Rg1 Bf6 40. Kb2 Qd4 41.
Rg8+ Rxg8 42. hxg8=Q+ Kxg8 43. Kb3 Qe3 44. Qg2+ Kf8 0-1

[Event "Quebec op Open"]
[Site "Montreal CAN"]
[Date "2010.07.28"]
[Round "6"]
[White "Vallieres, Mario"]
[Black "Rosen, Matthew"]
[Result "0-1"]
[WhiteElo "1992"]
[BlackElo "2113"]
[PlyCount "86"]
[EventDate "2010.07.24"]
[EventType "swiss"]
[EventRounds "9"]
[EventCountry "CAN"]

1. d4 d5 2. Nc3 Nf6 3. Bg5 Nbd7 4. e3 c6 5. f4 Qb6 6. Rb1 h6 7. Bxf6 exf6 8.
Nf3 Bb4 9. Bd3 O-O 10. O-O Re8 11. Nh4 g6 12. Rf3 Bf8 13. Rg3 Bg7 14. Ne2 Nf8
15. c3 Bd7 16. Qc2 Re7 17. Rf1 Rae8 18. Rff3 c5 19. dxc5 Qxc5 20. Nd4 b5 21.
Bxg6 fxg6 22. Nxg6 Nxg6 23. Qxg6 b4 24. f5 bxc3 25. bxc3 Qxc3 26. h3 Kh8 27.
Rf4 Qc7 28. Rh4 Bc8 29. Rxh6+ Bxh6 30. Qxh6+ Rh7 31. Qxf6+ Rg7 32. Rg6 Qe7 33.
Rh6+ Kg8 34. Qxe7 Rgxe7 35. Rd6 Rxe3 36. Rxd5 Rd3 37. Rd6 Rd2 38. a4 Kh7 39. a5
Re1+ 40. Kh2 Re4 41. Nb5 Ree2 42. Rxd2 Rxd2 43. Nxa7 Bd7 0-1

[Event "Quebec op Open"]
[Site "Montreal CAN"]
[Date "2010.07.28"]
[Round "6"]
[White "Zhang, Zhiyuan"]
[Black "Khaziyeva, Dinara"]
[Result "0-1"]
[WhiteElo "1893"]
[BlackElo "2158"]
[PlyCount "143"]
[EventDate "2010.07.24"]
[EventType "swiss"]
[EventRounds "9"]
[EventCountry "CAN"]

1. e4 d6 2. d4 Nf6 3. f3 Nbd7 4. Be3 c6 5. c3 e5 6. Bd3 Be7 7. Ne2 O-O 8. Nd2
Re8 9. Ng3 Nf8 10. Qe2 a6 11. dxe5 dxe5 12. Nc4 Ng6 13. Rd1 Nd7 14. Nf5 Bc5 15.
g3 Ne7 16. Nfd6 Bxe3 17. Qxe3 Rf8 18. Bc2 Qc7 19. Qg5 f6 20. Qh5 g6 21. Qh6 b5
22. Ne3 c5 23. Bb3+ c4 24. Nexc4 bxc4 25. Bxc4+ Kh8 26. Nf7+ Rxf7 27. Bxf7 Qb6
28. h4 Rb8 29. h5 g5 30. Ke2 Ng8 31. Bxg8 Kxg8 32. b3 Qa5 33. Rd2 Qxc3 34. Rhd1
Qc7 35. Rd6 Rb6 36. R6d5 Rc6 37. R1d2 a5 38. f4 exf4 39. Rxg5+ fxg5 40. Qxg5+
Kf8 41. gxf4 Ba6+ 42. Kf3 Rd6 43. Rg2 Qc3+ 44. Kg4 Nf6+ 45. Kh4 Qe1+ 46. Rg3
Nxe4 47. Qg7+ Ke8 48. Qg8+ Kd7 49. Qxh7+ Kc6 50. Qg8 Qxg3+ 51. Qxg3 Nxg3 52.
Kxg3 Rh6 53. f5 Rxh5 54. Kg4 Rh1 55. Kg5 Rg1+ 56. Kf6 Bd3 57. Ke5 Rf1 58. f6
Bg6 59. a3 Kc5 60. Ke6 Kd4 61. b4 axb4 62. axb4 Kc4 63. Ke7 Re1+ 64. Kd7 Kxb4
65. Kc7 Re6 66. f7 Bxf7 67. Kd8 Kc5 68. Kc7 Rc6+ 69. Kd7 Be6+ 70. Ke7 Rd6 71.
Kf6 Bd7+ 72. Kg5 0-1

[Event "Quebec op Open"]
[Site "Montreal CAN"]
[Date "2010.07.29"]
[Round "7"]
[White "Acosta, Mariano"]
[Black "Vallieres, Mario"]
[Result "1/2-1/2"]
[WhiteElo "2261"]
[BlackElo "1992"]
[PlyCount "68"]
[EventDate "2010.07.24"]
[EventType "swiss"]
[EventRounds "9"]
[EventCountry "CAN"]

1. d4 f5 2. Nf3 Nf6 3. g3 e6 4. Bg2 Be7 5. c4 d6 6. Nc3 O-O 7. O-O a5 8. b3 Na6
9. Ba3 c6 10. e3 d5 11. Bxe7 Qxe7 12. Ne5 Nc7 13. c5 Nd7 14. f4 Ne8 15. a3 Nef6
16. b4 axb4 17. axb4 Rxa1 18. Qxa1 Nxe5 19. fxe5 Ng4 20. Rf3 Qg5 21. Nd1 Qh5
22. h3 Nh6 23. Nc3 g5 24. Rf2 Qg6 25. b5 Nf7 26. bxc6 bxc6 27. Qa8 Bd7 28. Qb7
Rd8 29. Ne2 Nh6 30. Rf1 Qe8 31. Rb1 Ra8 32. Qc7 Rc8 33. Qb7 Ra8 34. Qc7 Rc8
1/2-1/2

[Event "Quebec op Open"]
[Site "Montreal CAN"]
[Date "2010.07.29"]
[Round "7"]
[White "Cvetkovic, Simeon"]
[Black "Poulin, Mathieu"]
[Result "1-0"]
[WhiteElo "1901"]
[BlackElo "2078"]
[PlyCount "91"]
[EventDate "2010.07.24"]
[EventType "swiss"]
[EventRounds "9"]
[EventCountry "CAN"]

1. b3 e5 2. Bb2 Nc6 3. e3 d5 4. Bb5 Bd6 5. f4 Qh4+ 6. Kf1 Qe7 7. Nf3 f6 8. Nc3
Be6 9. e4 dxe4 10. Nxe4 exf4 11. d4 Bd7 12. Qd2 O-O-O 13. Re1 Qf8 14. c4 Bb4
15. Bc3 Bxc3 16. Qxc3 Kb8 17. Nc5 a6 18. Bxc6 Bxc6 19. Ne6 Qd6 20. Nxd8 Qxd8
21. d5 Bd7 22. Qb4 Nh6 23. Qe7 Nf5 24. Qxd8+ Rxd8 25. Kf2 c6 26. dxc6 Bxc6 27.
Rd1 Kc7 28. Rxd8 Kxd8 29. Nd4 Nxd4 30. Rd1 Ke7 31. Rxd4 g5 32. a3 h5 33. b4 h4
34. Rd2 Ke6 35. Re2+ Kf5 36. h3 Kg6 37. Re7 f5 38. b5 axb5 39. cxb5 Bd5 40. Rd7
Be4 41. a4 g4 42. a5 f3 43. gxf3 Bxf3 44. a6 bxa6 45. b6 gxh3 46. Kxf3 1-0

[Event "Quebec op Open"]
[Site "Montreal CAN"]
[Date "2010.07.29"]
[Round "7"]
[White "Khaziyeva, Dinara"]
[Black "Dumont, Felix"]
[Result "1-0"]
[WhiteElo "2158"]
[BlackElo "2070"]
[PlyCount "89"]
[EventDate "2010.07.24"]
[EventType "swiss"]
[EventRounds "9"]
[EventCountry "CAN"]

1. b3 e5 2. Bb2 Nc6 3. e3 Nf6 4. Ne2 d5 5. g3 Be7 6. Bg2 Be6 7. d3 Qd7 8. h3
O-O-O 9. Nd2 h5 10. Nf3 Bd6 11. Ng5 Qe7 12. Nxe6 fxe6 13. Nc3 d4 14. Ne4 Nxe4
15. Bxe4 dxe3 16. Bxc6 exf2+ 17. Kxf2 bxc6 18. Qe2 Rdf8+ 19. Kg2 h4 20. g4 Qg5
21. Rhf1 Kd7 22. Rae1 Rf5 23. d4 Rhf8 24. Rxf5 Rxf5 25. dxe5 Bc5 26. Bc1 Qg6
27. Qd3+ Ke7 28. Kh1 Rg5 29. Bxg5+ Qxg5 30. Qc3 Bb6 31. Rf1 Qg6 32. Qxc6 a5 33.
Rd1 Qe8 34. Qxe8+ Kxe8 35. Kg2 g5 36. Kf3 Ke7 37. Ke4 Bc5 38. Rf1 Bb4 39. Rf6
Bd2 40. Rg6 c5 41. Rg7+ Kd8 42. Ra7 Bc3 43. a3 Ke8 44. Rg7 Bd2 45. Rc7 1-0

[Event "Quebec op Open"]
[Site "Montreal CAN"]
[Date "2010.07.29"]
[Round "7"]
[White "Larochelle, Martial"]
[Black "Leutschaft, Martin"]
[Result "1-0"]
[WhiteElo "2208"]
[BlackElo "2133"]
[PlyCount "63"]
[EventDate "2010.07.24"]
[EventType "swiss"]
[EventRounds "9"]
[EventCountry "CAN"]

1. Nf3 Nf6 2. d4 c5 3. d5 b5 4. c4 g6 5. cxb5 a6 6. b6 Qxb6 7. Nc3 Bg7 8. e4 d6
9. Be2 O-O 10. Nd2 Nbd7 11. O-O Ne5 12. Kh1 g5 13. Nc4 Nxc4 14. Bxc4 h6 15. f4
gxf4 16. Rxf4 Qb4 17. Qf1 Ng4 18. a3 Qa5 19. Bd2 Rb8 20. Rb1 Ne5 21. Be2 Rb3
22. Rh4 f5 23. Bxh6 Bxh6 24. Rxh6 Kg7 25. Qf4 Nf7 26. Bh5 Nxh6 27. Qg5+ Kh7 28.
Qg6+ Kh8 29. Qxh6+ Kg8 30. Qg5+ Kh8 31. Bg6 Kg7 32. Bxf5+ 1-0

[Event "Quebec op Open"]
[Site "Montreal CAN"]
[Date "2010.07.29"]
[Round "7"]
[White "Luksza, Arkadiusz"]
[Black "Giroux, Robert"]
[Result "1-0"]
[WhiteElo "2195"]
[BlackElo "2062"]
[PlyCount "69"]
[EventDate "2010.07.24"]
[EventType "swiss"]
[EventRounds "9"]
[EventCountry "CAN"]

1. c4 c5 2. Nc3 g6 3. Nf3 Nc6 4. d4 cxd4 5. Nxd4 Bg7 6. Nxc6 bxc6 7. g3 Nf6 8.
Bg2 O-O 9. O-O Bb7 10. Rb1 d6 11. Qa4 Qc8 12. e4 Nd7 13. Qc2 a5 14. Re1 Qc7 15.
b3 Rfb8 16. Be3 Nc5 17. Rbd1 Na6 18. Qd2 Bc8 19. Bd4 Bg4 20. Rc1 Bxd4 21. Qxd4
e5 22. Qe3 Kg7 23. Na4 c5 24. Nc3 Rd8 25. Nd5 Qb7 26. Qg5 Be6 27. Qf6+ Kg8 28.
f4 Bxd5 29. exd5 Nb4 30. Re3 Nxa2 31. Rf1 e4 32. f5 Qc7 33. fxg6 hxg6 34. Rf4
Kf8 35. Rexe4 1-0